Northern Ireland Trivia - Statistics

General Stats
  • This quiz has been taken 2,630 times
  • The average score is 15 of 24
Answer Stats
Clue Answer % Correct
Capital city Belfast
99%
Famous ship built in 1912 RMS Titanic
92%
1972 incident in above Bloody {Sunday}
87%
Second biggest city Londonderry
86%
Agreement signed in 1998 Good {Friday}
83%
Patron saint St. Patrick
82%
Name for the Northern Ireland conflict The {Troubles}
80%
Nickname for Ireland The {Emerald} Isle
79%
Area famous for its basalt columns {Giant}'s Causeway
78%
Traditional Irish province it is part of Ulster
67%
Most famous footballer George Best
66%
"Taken" actor Liam Neeson
65%
Strait shared by Scotland {North} Channel
57%
Most famous golfer Rory McIlroy
54%
Company that built the above Harland and {Wolff}
51%
Battle celebrated on 12th July Boyne
48%
Largest lake Lough Neagh
46%
Third biggest city Lisburn
43%
Lead actor of "Fifty Shades of Grey" Jamie Dornan
38%
Most famous distillery Old {Bushmills}
34%
Series of separation barriers {Peace} Lines
34%
Mythical warrior who "built" the above Finn McCool
33%
Longest river Bann
31%
Rock band of Gary Lightbody Snow Patrol
29%
No matching quizzes found
Score Distribution
Percent of People with Each Score
Percentile by Number Answered
Your Score History
You have not taken this quiz